000 00559cam a22002053a 4500
001 35593
003 PGUSA
005 20140828083751.0
008 110317s2011||||xxu|||||s|||||000 | eng d
040 _aPGUSA
_beng
042 _adc
100 1 _aWatkins, Shirley
245 1 0 _aJane Lends A Hand
_h[electronic resource] /
_cShirley Watkins
260 _bProject Gutenberg,
_c2011
506 _aPublic domain in the USA.
516 _aElectronic text
830 0 _aProject Gutenberg
_v35593
856 4 0 _uhttp://www.gutenberg.org/ebooks/35593
942 _cEB
999 _c264848
_d264848